书目信息 |
| 题名: |
外汇风险管理
|
|
| 作者: | 涂永红 编著 | |
| 分册: | ||
| 出版信息: | 北京 中国人民大学出版社 2004 |
|
| 页数: | 412 | |
| 开本: | 23cm | |
| 丛书名: | 面向21世纪课程教材 | |
| 单 册: | ||
| 中图分类: | F820.3 | |
| 科图分类: | ||
| 主题词: | 货币 | |
| 电子资源: | ||
| ISBN: | 7-300-05580-X | |
| 000 | 00596nam0 2200205 450 | |
| 001 | 0753815641 | |
| 005 | 20070930145655.64 | |
| 010 | @a7-300-05580-X@d¥29.00 | |
| 100 | @a20070930d km y0chiy0120 ea | |
| 101 | 0 | @achi |
| 200 | 1 | @a外汇风险管理@Awai hui feng xian guan li@f涂永红编著@Ftu yong hong bian zhu |
| 210 | @a北京@c中国人民大学出版社@d2004 | |
| 215 | @a412@d23cm | |
| 225 | 2 | @a面向21世纪课程教材 |
| 410 | 0 | @12001 @a面向21世纪课程教材 |
| 606 | 0 | @a货币 |
| 690 | @aF820.3@v3 | |
| 701 | 0 | @a涂永红@Atu yong hong@4编著 |
| 801 | 0 | @aCN@bPFT@c20070930 |
| 905 | @a213230@dF820.3@eg113@f1 | |
| 外汇风险管理/涂永红编著.-北京:中国人民大学出版社,2004 |
| 412;23cm.-(面向21世纪课程教材) |
| ISBN 7-300-05580-X:¥29.00 |
| ● |
| 相关链接 |
|
|
|
|
正题名:外汇风险管理
索取号:F820.3/g113
 
预约/预借
| 序号 | 登录号 | 条形码 | 馆藏地/架位号 | 状态 | 备注 |
| 1 | 6504342 | 265043428 | 密集书库-海洋学院/ [索取号:F820.3/g113] | 在馆 |